<?xml version="1.0" encoding="UTF-8"?>
<record
    xmlns:xsi="http://www.w3.org/2001/XMLSchema-instance"
    xsi:schemaLocation="http://www.loc.gov/MARC21/slim http://www.loc.gov/standards/marcxml/schema/MARC21slim.xsd"
    xmlns="http://www.loc.gov/MARC21/slim">

  <leader>01348nam a2200337 a 4500</leader>
  <controlfield tag="003">DO-SdBNP</controlfield>
  <controlfield tag="005">20250213183357.0</controlfield>
  <controlfield tag="007">ta</controlfield>
  <controlfield tag="008">211021e2019    dr ac||er|||| 001 fdspa d</controlfield>
  <datafield tag="020" ind1=" " ind2=" ">
    <subfield code="a">9789945503562</subfield>
  </datafield>
  <datafield tag="040" ind1=" " ind2=" ">
    <subfield code="a">DO-SdBNP</subfield>
    <subfield code="b">spa</subfield>
    <subfield code="c">BNPHU</subfield>
  </datafield>
  <datafield tag="082" ind1=" " ind2="4">
    <subfield code="2">22</subfield>
    <subfield code="a">RD863.42</subfield>
    <subfield code="b">M358o 2019</subfield>
  </datafield>
  <datafield tag="100" ind1="1" ind2=" ">
    <subfield code="a">Marrero Aristy, Ram&#xF3;n,</subfield>
    <subfield code="d">1913-1959</subfield>
    <subfield code="9">22324</subfield>
  </datafield>
  <datafield tag="245" ind1="1" ind2="0">
    <subfield code="a">Over /</subfield>
    <subfield code="c">Ram&#xF3;n Marrero Aristy ; pr&#xF3;logo Jos&#xE9; Henr&#xED;quez Garc&#xED;a ; edici&#xF3;n  Mar&#xED;a del Carmen Vicente y Clara Dobarro.</subfield>
  </datafield>
  <datafield tag="260" ind1=" " ind2=" ">
    <subfield code="a">Santo Domingo :</subfield>
    <subfield code="b">Ministerio de Cultura,</subfield>
    <subfield code="c">2019.</subfield>
  </datafield>
  <datafield tag="300" ind1=" " ind2=" ">
    <subfield code="a">xix, 219 p. :</subfield>
    <subfield code="b">il., retrs. ;</subfield>
    <subfield code="c">19 cm.</subfield>
  </datafield>
  <datafield tag="490" ind1="1" ind2=" ">
    <subfield code="a">Biblioteca dominicana b&#xE1;sica:</subfield>
    <subfield code="a">Narrativa </subfield>
    <subfield code="v">19</subfield>
  </datafield>
  <datafield tag="500" ind1=" " ind2=" ">
    <subfield code="a">Incluye biograf&#xED;a del autor en la solapa de la cubierta.</subfield>
  </datafield>
  <datafield tag="504" ind1=" " ind2=" ">
    <subfield code="a">Bibliogaf&#xED;a : p. XVII - XIX</subfield>
  </datafield>
  <datafield tag="590" ind1=" " ind2=" ">
    <subfield code="a">Inventariado 2021 / MF</subfield>
  </datafield>
  <datafield tag="600" ind1="1" ind2="0">
    <subfield code="a">Marrero Aristy, Ram&#xF3;n,</subfield>
    <subfield code="d">1913-1959</subfield>
    <subfield code="q">Cr&#xED;tica e Interpretaci&#xF3;n</subfield>
    <subfield code="9">22324</subfield>
  </datafield>
  <datafield tag="650" ind1=" " ind2="0">
    <subfield code="a">Novela dominicana</subfield>
    <subfield code="9">223</subfield>
  </datafield>
  <datafield tag="650" ind1=" " ind2="0">
    <subfield code="a">Literatura dominicana.</subfield>
    <subfield code="9">80301</subfield>
  </datafield>
  <datafield tag="700" ind1="1" ind2=" ">
    <subfield code="a">Henr&#xED;quez Garc&#xED;a, Jos&#xE9;,</subfield>
    <subfield code="e">pr&#xF3;logo</subfield>
    <subfield code="9">80302</subfield>
  </datafield>
  <datafield tag="700" ind1="1" ind2=" ">
    <subfield code="9">57201</subfield>
    <subfield code="a">Vicente, Mar&#xED;a del Carmen,</subfield>
    <subfield code="e">editora</subfield>
  </datafield>
  <datafield tag="700" ind1="1" ind2=" ">
    <subfield code="9">8295</subfield>
    <subfield code="a">Dobarro Lamas, Clara,</subfield>
    <subfield code="e">editora</subfield>
  </datafield>
  <datafield tag="710" ind1=" " ind2=" ">
    <subfield code="a">Editora Nacional (Rep&#xFA;blica Dominicana)</subfield>
    <subfield code="9">63981</subfield>
  </datafield>
  <datafield tag="830" ind1=" " ind2="4">
    <subfield code="a">Cl&#xE1;sicos dominicanos</subfield>
    <subfield code="p">Narrativa </subfield>
    <subfield code="l">spa</subfield>
    <subfield code="n">19</subfield>
    <subfield code="9">80303</subfield>
  </datafield>
  <datafield tag="910" ind1=" " ind2=" ">
    <subfield code="a">Validado, 2021/MFF</subfield>
  </datafield>
  <datafield tag="942" ind1=" " ind2=" ">
    <subfield code="2">ddc</subfield>
    <subfield code="c">LBS1</subfield>
  </datafield>
  <datafield tag="952" ind1=" " ind2=" ">
    <subfield code="0">0</subfield>
    <subfield code="1">0</subfield>
    <subfield code="2">ddc</subfield>
    <subfield code="5">1</subfield>
    <subfield code="7">0</subfield>
    <subfield code="8">PD</subfield>
    <subfield code="a">BNPHU</subfield>
    <subfield code="b">PD</subfield>
    <subfield code="c">HD</subfield>
    <subfield code="d">2019-03-16</subfield>
    <subfield code="e">Dep&#xF3;sito legal / Editora Nacional</subfield>
    <subfield code="l">0</subfield>
    <subfield code="o">BNPHU PD RD863.42 M358o 2019</subfield>
    <subfield code="p">2021-27530</subfield>
    <subfield code="r">2021-10-21</subfield>
    <subfield code="w">2021-10-21</subfield>
    <subfield code="y">LFPD</subfield>
  </datafield>
  <datafield tag="952" ind1=" " ind2=" ">
    <subfield code="0">0</subfield>
    <subfield code="1">0</subfield>
    <subfield code="2">ddc</subfield>
    <subfield code="5">1</subfield>
    <subfield code="7">0</subfield>
    <subfield code="8">PD</subfield>
    <subfield code="a">BNPHU</subfield>
    <subfield code="b">PD</subfield>
    <subfield code="c">HD</subfield>
    <subfield code="d">2019-03-16</subfield>
    <subfield code="e">Dep&#xF3;sito legal / Editora Nacional</subfield>
    <subfield code="l">0</subfield>
    <subfield code="o">BNPHU PD RD863.42 M358o 2019</subfield>
    <subfield code="p">2021-27531</subfield>
    <subfield code="r">2021-10-21</subfield>
    <subfield code="t">e.2</subfield>
    <subfield code="w">2021-10-21</subfield>
    <subfield code="y">LFPD</subfield>
  </datafield>
  <datafield tag="952" ind1=" " ind2=" ">
    <subfield code="0">0</subfield>
    <subfield code="1">0</subfield>
    <subfield code="2">ddc</subfield>
    <subfield code="5">6</subfield>
    <subfield code="7">0</subfield>
    <subfield code="8">DS</subfield>
    <subfield code="a">BNPHU</subfield>
    <subfield code="b">DO</subfield>
    <subfield code="c">HD</subfield>
    <subfield code="d">2019-03-16</subfield>
    <subfield code="e">Dep&#xF3;sito legal / Editora Nacional</subfield>
    <subfield code="l">0</subfield>
    <subfield code="o">BNPHU DS RD863.42 M358o 2019</subfield>
    <subfield code="p">2021-27532</subfield>
    <subfield code="r">2021-10-21</subfield>
    <subfield code="t">e.3</subfield>
    <subfield code="w">2021-10-21</subfield>
    <subfield code="y">LFDS</subfield>
  </datafield>
  <datafield tag="952" ind1=" " ind2=" ">
    <subfield code="0">0</subfield>
    <subfield code="1">0</subfield>
    <subfield code="2">ddc</subfield>
    <subfield code="5">6</subfield>
    <subfield code="7">0</subfield>
    <subfield code="8">DS</subfield>
    <subfield code="a">BNPHU</subfield>
    <subfield code="b">BNPHU</subfield>
    <subfield code="d">2023-01-25</subfield>
    <subfield code="l">0</subfield>
    <subfield code="o">BNPHU DS RD863.42 M358o 2019</subfield>
    <subfield code="p">2023-0406</subfield>
    <subfield code="r">2023-01-25</subfield>
    <subfield code="t">e.4</subfield>
    <subfield code="w">2023-01-25</subfield>
    <subfield code="y">LBS1</subfield>
  </datafield>
  <datafield tag="999" ind1=" " ind2=" ">
    <subfield code="c">50797</subfield>
    <subfield code="d">50797</subfield>
  </datafield>
</record>
